| 000 | 00508nam a2200181Ia 4500 | ||
|---|---|---|---|
| 999 |
_c15208 _d15208 |
||
| 003 | OSt | ||
| 005 | 20230905142810.0 | ||
| 008 | 190216s9999||||xx |||||||||||||| ||und|| | ||
| 020 | _a9781542040464 | ||
| 040 | _coclc | ||
| 082 |
_a894.872 _bBHA/G |
||
| 100 |
_aBhagat, Chetan _96028 |
||
| 245 | 4 |
_aThe Girl In Room 105 / _cChetan Bhagat |
|
| 260 |
_bWestland, _c2018. _aNew Delhi: |
||
| 300 | _a304p | ||
| 650 | _aFiction English | ||
| 942 |
_cBK _2ddc _h894.872 _iBHA/G _k894.872 _mBHA/G |
||